00543nam a22001697a 4500020001500000022000900015082001400024110003700038245005500075260003600130300002700166526003700193650001300230942001200243999001900255952009900274 a0309032504 a0361 a624.15136 aNational Research Council937043 aFrost Action and Risk Assessment in Soil Mechanics aNational Research Councilc1981 aiv, 86 pbill. :c15cm a0b0c0d624_151360000000000_NAT aMCE9379 2ddccBK c546428d546428 00102ddc4070aMCEbMCEd2014-06-12l0o624.15136 NATpMCE-42260r2014-06-12w2021-03-14yBK